<?xml version="1.0" encoding="UTF-8"?><?xml-stylesheet type="text/xsl" href="static/style.xsl"?><OAI-PMH xmlns="http://www.openarchives.org/OAI/2.0/" xmlns:xsi="http://www.w3.org/2001/XMLSchema-instance" xsi:schemaLocation="http://www.openarchives.org/OAI/2.0/ http://www.openarchives.org/OAI/2.0/OAI-PMH.xsd"><responseDate>2026-04-17T05:51:19Z</responseDate><request verb="GetRecord" identifier="oai:www.recercat.cat:10256/25330" metadataPrefix="marc">https://recercat.cat/oai/request</request><GetRecord><record><header><identifier>oai:recercat.cat:10256/25330</identifier><datestamp>2024-10-29T15:57:46Z</datestamp><setSpec>com_2072_452966</setSpec><setSpec>com_2072_2054</setSpec><setSpec>col_2072_452969</setSpec></header><metadata><record xmlns="http://www.loc.gov/MARC21/slim" xmlns:dcterms="http://purl.org/dc/terms/" xmlns:xsi="http://www.w3.org/2001/XMLSchema-instance" xmlns:doc="http://www.lyncode.com/xoai" xsi:schemaLocation="http://www.loc.gov/MARC21/slim http://www.loc.gov/standards/marcxml/schema/MARC21slim.xsd">
   <leader>00925njm 22002777a 4500</leader>
   <datafield ind2=" " ind1=" " tag="042">
      <subfield code="a">dc</subfield>
   </datafield>
   <datafield ind2=" " ind1=" " tag="720">
      <subfield code="a">Astudillo Contreras, Omar</subfield>
      <subfield code="e">author</subfield>
   </datafield>
   <datafield ind2=" " ind1=" " tag="260">
      <subfield code="c">2024-05</subfield>
   </datafield>
   <datafield ind2=" " ind1=" " tag="520">
      <subfield code="a">Las comunicaciones han evolucionado de manera vertiginosa. Ahora podemos estar en contacto &#xd;
instantáneo dondequiera que nos encontremos, prácticamente no hay límites. Las tecnologías de la &#xd;
información están presentes en todos los ámbitos de nuestras vidas, de modo que el proceso no ha &#xd;
podido sustraerse de su influjo. Dando por descontadas las bondades que ha significado el uso de &#xd;
la videoconferencia en la verificación de las audiencias judiciales, merece la pena cuestionarse &#xd;
acerca de si esa modalidad de funcionamiento telemático, en el contexto de un juicio oral en lo &#xd;
penal, repercute o puede repercutir en la calidad epistémica de la información obtenida; si se &#xd;
compromete la aproximación a la verdad y, por ende, la justicia de la decisión. En suma, si tal forma &#xd;
de juicio puede lesionar las técnicas o principios proverbialmente asociados al sistema acusatorio. &#xd;
La tesis que procuraremos delinear postula que, antes que la inmediación, la realización de una &#xd;
audiencia de juicio en modalidad telemática podría afectar el derecho de defensa y, más &#xd;
específicamente, el contradictorio, en tanto método adecuado para la adquisición de conocimiento</subfield>
   </datafield>
   <datafield ind2=" " ind1=" " tag="520">
      <subfield code="a">Communications have evolved at a dizzying pace. We can now be in instant contact wherever we &#xd;
are, practically there are no limits. Information technologies are present in all areas of our lives; &#xd;
thus, the judicial process has not been able to escape their influence. Taking for granted the benefits &#xd;
that the use of videoconferencing has meant in handling judicial hearings, it is worth questioning &#xd;
whether this modality of telematic operation in the context of oral criminal trials affects or may &#xd;
affect the epistemic quality of the information gathered; whether the approach to the truth is &#xd;
compromised and, therefore, the justice of the decision. In sum, if such a form of trial may &#xd;
undermine the techniques or principles proverbially associated with the accusatory system. The &#xd;
thesis we will outline argues that, rather than immediacy, conducting a trial hearing in a telematic &#xd;
mode could affect the right of defense and, more specifically, the adversarial principle, as an &#xd;
adequate method to attain knowledge</subfield>
   </datafield>
   <datafield ind2=" " ind1=" " tag="520">
      <subfield code="a">16</subfield>
   </datafield>
   <datafield ind1="8" ind2=" " tag="024">
      <subfield code="a">http://hdl.handle.net/10256/25330</subfield>
   </datafield>
   <datafield tag="653" ind2=" " ind1=" ">
      <subfield code="a">Principi de contradicció</subfield>
   </datafield>
   <datafield tag="653" ind2=" " ind1=" ">
      <subfield code="a">Prova penal -- Xile</subfield>
   </datafield>
   <datafield tag="653" ind2=" " ind1=" ">
      <subfield code="a">Evidence, Criminal -- Chile</subfield>
   </datafield>
   <datafield tag="653" ind2=" " ind1=" ">
      <subfield code="a">Videoconferències</subfield>
   </datafield>
   <datafield tag="653" ind2=" " ind1=" ">
      <subfield code="a">Videoconferencing</subfield>
   </datafield>
   <datafield tag="653" ind2=" " ind1=" ">
      <subfield code="a">Audi alteram partem</subfield>
   </datafield>
   <datafield ind2="0" ind1="0" tag="245">
      <subfield code="a">Juicios Telemáticos en materia penal : ¿La inmediación o el contradictorio en retirada? El caso chileno</subfield>
   </datafield>
</record></metadata></record></GetRecord></OAI-PMH>